000 00460nam a2200169Ia 4500
008 090201s9999 xx 000 0 und d
010 _aKPL-15448
040 _bइंग्रजी
041 _aइंग्रजी
082 _a37331
_b15448
100 _a eric chou
245 _athe dragon and the phoenix
_c eric chou
260 _c2004
_bmichael joseph
300 _a222
_bमोठा
600 _athe dragon and the phoenix
942 _cBOOK
999 _c235129
_d235129